<?xml version="1.0" encoding="UTF-8"?>
<record
    xmlns:xsi="http://www.w3.org/2001/XMLSchema-instance"
    xsi:schemaLocation="http://www.loc.gov/MARC21/slim http://www.loc.gov/standards/marcxml/schema/MARC21slim.xsd"
    xmlns="http://www.loc.gov/MARC21/slim">

  <leader>01592nam a2200253   4500</leader>
  <controlfield tag="003">CO-ViMGA</controlfield>
  <datafield tag="020" ind1=" " ind2=" ">
    <subfield code="a">9789583044168 </subfield>
  </datafield>
  <datafield tag="040" ind1=" " ind2=" ">
    <subfield code="a">CO-ViMGA</subfield>
    <subfield code="b">spa</subfield>
    <subfield code="c">CO-ViMGA</subfield>
  </datafield>
  <datafield tag="090" ind1=" " ind2=" ">
    <subfield code="a">C MARr</subfield>
  </datafield>
  <datafield tag="100" ind1="1" ind2=" ">
    <subfield code="a"> Marchand, Yan </subfield>
    <subfield code="9">345</subfield>
  </datafield>
  <datafield tag="245" ind1="1" ind2="0">
    <subfield code="a">La risa de Epicuro /</subfield>
    <subfield code="c">contado por Yan Marchand ; ilustrado por Jer&#xE9;mie Fischer ; traducci&#xF3;n Ana Doblado </subfield>
  </datafield>
  <datafield tag="260" ind1=" " ind2=" ">
    <subfield code="a">Bogota :</subfield>
    <subfield code="b">Panamericana ,</subfield>
    <subfield code="c">2016</subfield>
  </datafield>
  <datafield tag="300" ind1=" " ind2=" ">
    <subfield code="a">63 p&#xE1;ginas :</subfield>
    <subfield code="b">ilustraciones en color ; 21 cm.</subfield>
  </datafield>
  <datafield tag="500" ind1=" " ind2=" ">
    <subfield code="a"> Incluye datos biogr&#xE1;ficos del autor y el ilustrador </subfield>
  </datafield>
  <datafield tag="520" ind1=" " ind2=" ">
    <subfield code="a"> "Ahora aprender filosof&#xED;a es mucho m&#xE1;s f&#xE1;cil y divertido. Esta nueva serie busca presentar a los mayores fil&#xF3;sofos y cient&#xED;ficos de la historia y sus ideas, de una forma sencilla, novelada y con tono humor&#xED;stico que permite acercarse a los conceptos cient&#xED;ficos con mayor facilidad. Apoyado adem&#xE1;s en llamativas ilustraciones, estos libros son una nueva herramienta en la ense&#xF1;anza de la filosof&#xED;a y la ciencia. Epicuro cree que los dioses no dictan la vida de los humanos, y que se puede vivir sin ellos... Es all&#xED; cuando comienza esta divertida narraci&#xF3;n, en la cual vamos a conocer el origen y los postulados m&#xE1;s importantes del epicure&#xED;smo" </subfield>
  </datafield>
  <datafield tag="534" ind1=" " ind2=" ">
    <subfield code="t">Le rire d' &#xC9;picure </subfield>
  </datafield>
  <datafield tag="600" ind1=" " ind2=" ">
    <subfield code="a">Epicuro</subfield>
    <subfield code="d">342-270 a.c.</subfield>
    <subfield code="v">Cuentos</subfield>
    <subfield code="x">Pensamiento filos&#xF3;fico</subfield>
    <subfield code="9">2354</subfield>
  </datafield>
  <datafield tag="650" ind1="1" ind2="4">
    <subfield code="a"> Filosof&#xED;a griega en la literatura </subfield>
    <subfield code="9">2356</subfield>
  </datafield>
  <datafield tag="650" ind1="1" ind2="4">
    <subfield code="a"> Fil&#xF3;sofos griegos</subfield>
    <subfield code="x">Literatura infantil </subfield>
    <subfield code="9">2355</subfield>
  </datafield>
  <datafield tag="650" ind1="1" ind2="4">
    <subfield code="a">Filosof&#xED;a </subfield>
    <subfield code="x">Literatura infantil </subfield>
    <subfield code="9">2350</subfield>
  </datafield>
  <datafield tag="700" ind1="1" ind2=" ">
    <subfield code="a">Doblado, Ana,</subfield>
    <subfield code="e">tr.</subfield>
    <subfield code="9">2358</subfield>
  </datafield>
  <datafield tag="700" ind1="1" ind2=" ">
    <subfield code="a">Fischer, Jer&#xE9;mie, </subfield>
    <subfield code="e">il.</subfield>
    <subfield code="9">2357</subfield>
  </datafield>
  <datafield tag="942" ind1=" " ind2=" ">
    <subfield code="2">ddc</subfield>
    <subfield code="c">BK</subfield>
  </datafield>
  <datafield tag="999" ind1=" " ind2=" ">
    <subfield code="c">7180</subfield>
    <subfield code="d">7180</subfield>
  </datafield>
  <datafield tag="952" ind1=" " ind2=" ">
    <subfield code="0">0</subfield>
    <subfield code="1">0</subfield>
    <subfield code="2">ddc</subfield>
    <subfield code="4">0</subfield>
    <subfield code="7">0</subfield>
    <subfield code="a">MEVIECAR</subfield>
    <subfield code="b">MEVIECAR</subfield>
    <subfield code="d">2020-02-28</subfield>
    <subfield code="g">28877.00</subfield>
    <subfield code="l">0</subfield>
    <subfield code="o">C MARr</subfield>
    <subfield code="p">32133</subfield>
    <subfield code="r">2020-02-28 00:00:00</subfield>
    <subfield code="w">2020-02-28</subfield>
    <subfield code="y">BK</subfield>
  </datafield>
  <datafield tag="952" ind1=" " ind2=" ">
    <subfield code="0">0</subfield>
    <subfield code="1">0</subfield>
    <subfield code="2">ddc</subfield>
    <subfield code="4">0</subfield>
    <subfield code="7">0</subfield>
    <subfield code="a">MEVIECAR</subfield>
    <subfield code="b">MEVIECAR</subfield>
    <subfield code="d">2020-02-28</subfield>
    <subfield code="g">28877.00</subfield>
    <subfield code="l">0</subfield>
    <subfield code="o">C MARr</subfield>
    <subfield code="p">32134</subfield>
    <subfield code="r">2020-02-28 00:00:00</subfield>
    <subfield code="w">2020-02-28</subfield>
    <subfield code="y">BK</subfield>
  </datafield>
  <datafield tag="952" ind1=" " ind2=" ">
    <subfield code="0">0</subfield>
    <subfield code="1">0</subfield>
    <subfield code="4">0</subfield>
    <subfield code="7">0</subfield>
    <subfield code="8">012</subfield>
    <subfield code="a">MEVIGERR</subfield>
    <subfield code="b">MEVIGERR</subfield>
    <subfield code="c">LIT</subfield>
    <subfield code="d">2022-01-17</subfield>
    <subfield code="o">C MAR35r</subfield>
    <subfield code="p">ECA28161</subfield>
    <subfield code="r">2024-11-26 09:17:42</subfield>
    <subfield code="t">Ej.1</subfield>
    <subfield code="w">2024-11-26</subfield>
    <subfield code="y">BK</subfield>
    <subfield code="z">21272 | 27126</subfield>
  </datafield>
</record>
